General English; (Record no. 187035)

MARC details
000 -LEADER
fixed length control field 00630nam a22001817a 4500
005 - DATE AND TIME OF LATEST TRANSACTION
control field 20220328131553.0
010 ## - LCCN (DPL NO)
LC control number ENG-132142
020 ## - INTERNATIONAL STANDARD BOOK NUMBER
International Standard Book Number 9789382829515
Terms of availability 699.00
035 ## - SYSTEM CONTROL NUMBER
System control number EN-115674
037 ## - SOURCE OF ACQUISITION
Source of stock number/acquisition DBAD/PUB
082 ## - DEWEY DECIMAL CLASSIFICATION NUMBER
Classification number 485
100 ## - MAIN ENTRY--PERSONAL NAME
Personal name Sudeepthi, D.
245 ## - TITLE STATEMENT
Title General English;
Remainder of title for Campus Recruitment/
Statement of responsibility, etc D.Sudeepthi
260 ## - PUBLICATION, DISTRIBUTION, ETC. (IMPRINT)
Place of publication, distribution, etc Hyderabad
Name of publisher, distributor, etc Spectrum Publications
Date of publication, distribution, etc 2021
270 ## - ADDRESS
Address #326/C, Level -4, Surneni Nilayam Near B K Guda Park, S R Nayar
City Hyderabad
Postal code 500038
Telephone number 91-4023710657
Electronic mail address studentshelpline.in@gmail.com
Fax number 91-4023810657
300 ## - PHYSICAL DESCRIPTION
Extent xvi,v.p.
Dimensions 24cm(pbk)
942 ## - ADDED ENTRY ELEMENTS (KOHA)
Source of classification or shelving scheme Dewey Decimal Classification
Item type English Books
Call number suffix SUD
Classification part 485
Holdings
Withdrawn status Lost status Not for loan Collection code Home library Current library Date acquired Source of acquisition Cost, normal purchase price Full call number Barcode Copy number Cost, replacement price Koha item type
      Non-fiction Central Library Central Library 28/03/2022 DBAD/PUB 699.00 485 SUD EN-115674 1 699.00 English Books

© Delhi Public Library
Hit Counter
free hit counter